ARRUPE JESUIT UNIVERSITY

CORONAVIRUS -STOP THE SPREAD - CLEAN,DISINFECT,COVER

Priests and Liturgy (Record no. 126015)

MARC details
000 -LEADER
fixed length control field 00351nam a22001217a 4500
008 - FIXED-LENGTH DATA ELEMENTS--GENERAL INFORMATION
fixed length control field 170126b xxu||||| |||| 00| 0 eng d
050 ## - LIBRARY OF CONGRESS CALL NUMBER
Classification number BX1970.N338
100 ## - MAIN ENTRY--PERSONAL NAME
Personal name Ncube, Raphael M.
9 (RLIN) 28492
245 ## - TITLE STATEMENT
Title Priests and Liturgy
Statement of responsibility, etc Raphael M. Ncube
260 ## - PUBLICATION, DISTRIBUTION, ETC. (IMPRINT)
Place of publication, distribution, etc Plumtree
Name of publisher, distributor, etc Ilizwi Publications
Date of publication, distribution, etc 2012
300 ## - PHYSICAL DESCRIPTION
Extent iv, 174p. ;
Dimensions 23cm.
942 ## - ADDED ENTRY ELEMENTS (KOHA)
Source of classification or shelving scheme Library of Congress Classification
Item type Monograph ( Printed materials)
Holdings
Withdrawn status Lost status Source of classification or shelving scheme Damaged status Not for loan Collection code Home library Current library Shelving location Date acquired Total Checkouts Full call number Barcode Date last seen Price effective from Koha item type
    Library of Congress Classification     Main Collection ARRUPE LIBRARY ARRUPE LIBRARY Main Collection 26/01/2017   BX1970.N338 46411587 22/11/2017 26/01/2017 Monograph ( Printed materials)
    Library of Congress Classification     Main Collection ARRUPE LIBRARY ARRUPE LIBRARY Main Collection 26/01/2017   BX1970.N338 46500023256 22/11/2017 26/01/2017 Monograph ( Printed materials)

 

Arrupe Library. PO Box MP320 Mt Pleasant, Harare, Zimbabwe
263 242 745411|librarian@aju.ac.zw